• 首页
  • 本馆介绍
  • 公告通知
  • 最新文献
  • 馆藏检索
  • 电子资源
  • 读者导购
  • 参考咨询
  • 我的图书馆
  • 登录
  • 详细信息显示
  • 放入我的书架
  • 预约/预借图书
  • 作者相关作品
  • 分类相关作品
  • 丛书相关作品
  • 出版社相关作品

书目信息

  • 表格格式
  • 工作单格式
  • 卡片格式
题名:
科学史上的惨痛教训
    
 
作者: 赵立兴 编著
分册:  
出版信息: 长春   吉林科学技术出版社  2012
页数: 118页
开本: 23cm
丛书名: 世界五千年科技故事丛书
单 册:
中图分类: K835.126.15=52 , K835.12
科图分类:
主题词:
电子资源:
ISBN: 978-7-5384-6113-8
000 01107oam2 2200289 450
001 2365994341
005 20231117154109.41
010    @a978-7-5384-6113-8@dCNY33.00
090    @aK835.126.15@bzlx
100    @a20140429d2012 em y0chiy50 ea
101 0  @achi
102    @aCN@b220000
105    @ay z 000yd
200 1  @a科学史上的惨痛教训@Ake xue shi shang de can tong jiao xun@e瓦维洛夫的故事@f赵立兴编著
210    @a长春@c吉林科学技术出版社@d2012
215    @a118页@d23cm
225 2  @a世界五千年科技故事丛书
330    @a本书讲述了苏联植物育种学家和遗传学家瓦维洛夫的故事。内容包括:“书斋”里的青年时代、艰险的科学考察、辉煌的科学成就、李森科的发迹、科学真理被送上政治祭坛、无法监禁的灵魂等。
410  0 @12001 @a世界五千年科技故事丛书
517 1  @a瓦维洛夫的故事@9wa wei luo fu de gu shi
600  0 @a瓦维洛夫@c(Vavilov, Nikolai Ivanovich@f1887-1943)@x生平事迹
600  0 @a瓦维洛夫@c(Vavilov, Nikolai Ivanovich@f1887-1943)
690    @aK835.126.15=52@v5
690    @aK835.12@v4
701  0 @a赵立兴@Azhao li xing@4编著
801  0 @aCN@bNLC@c20140429
905    @aZUCC@dK835.12@e12
    
    科学史上的惨痛教训:瓦维洛夫的故事/赵立兴编著.-长春:吉林科学技术出版社,2012
    118页;23cm.-(世界五千年科技故事丛书)
    
    
    ISBN 978-7-5384-6113-8:CNY33.00
    本书讲述了苏联植物育种学家和遗传学家瓦维洛夫的故事。内容包括:“书斋”里的青年时代、艰险的科学考察、辉煌的科学成就、李森科的发迹、科学真理被送上政治祭坛、无法监禁的灵魂等。
●
相关链接 在五车中查询图书 在当当中查询图书 在豆瓣中查询图书


正题名:科学史上的惨痛教训     索取号:K835.12/12         预约/预借

序号 登录号 条形码 馆藏地/架位号 状态 备注
1 2000996233   2000996233   第四书库/四31架A面6层4列/ [索取号:K835.12/12] 在馆    
2 2000996234   2000996234   第四书库/四31架A面6层4列/ [索取号:K835.12/12] 在馆    
3 2000996235   2000996235   第四书库/四31架A面6层4列/ [索取号:K835.12/12] 在馆    
4 2000996236   2000996236   第四书库/四31架A面6层4列/ [索取号:K835.12/12] 在馆    
5 2000996237   2000996237   第四书库/四31架A面6层4列/ [索取号:K835.12/12] 在馆    
6 2000996238   2000996238   第四书库/四31架A面6层4列/ [索取号:K835.12/12] 在馆    
山东省滨州职业学院图书馆 欢迎您!
大连网信软件有限公司© 版权所有